000 00605nam a22001937a 4500
005 20251108172457.0
008 250721s2003 xx 000 0 ara d
082 1 4 _a624.1/جمع
100 1 _aجمعه، حسين محمد
_eمؤلف
245 1 0 _aخواطر هندسية /
250 _aط2
264 1 _a(القاهرة) :
_bمكتب الدراسات والإستشارات الهندسية،
_c2003.
300 _a69ص
650 1 7 _aالهندسة الإنشائية
650 1 7 _aالهندسة المعمارية
650 1 7 _aتصميم المباني
942 _2ddc
_cBK
999 _c80355
_d80355